تحميل...
Illustrated Word perfect 5.1
| المؤلف الرئيسي: | |
|---|---|
| التنسيق: | Printed Book |
| منشور في: |
New Delhi
BPB
1991
|
| LEADER | 00329nam a22001097a 4500 | ||
|---|---|---|---|
| 100 | |a Gold, Jordan | ||
| 245 | |a Illustrated Word perfect 5.1 |c Jordan Gold | ||
| 260 | |a New Delhi |b BPB |c 1991 | ||
| 300 | |a 470p. | ||
| 942 | |c BK | ||
| 999 | |c 263298 |d 263298 | ||
| 952 | |0 0 |1 0 |4 0 |7 0 |9 298307 |a CCS |b CCS |c GEN |d 2016-06-22 |g 0.00 |l 0 |p CCS595 |r 2016-08-30 |w 2016-08-30 |y BK | ||